How do w get from there to here (Record no. 34693)

MARC details
000 -LEADER
fixed length control field 00477nam a22001577a 4500
005 - DATE AND TIME OF LATEST TRANSACTION
control field 20231103181643.0
008 - FIXED-LENGTH DATA ELEMENTS--GENERAL INFORMATION
fixed length control field 231103b |||||||| |||| 00| 0 eng d
082 ## - DEWEY DECIMAL CLASSIFICATION NUMBER
Classification number 658.3
Item number TAK-H
100 ## - MAIN ENTRY--AUTHOR
Author Name Takeuchi,Riki
245 ## - TITLE STATEMENT
Title How do w get from there to here
Remainder of title Undersatnding the black box in strategic HRM research form Resource Based and social eschenge Prespective
300 ## - PHYSICAL DESCRIPTION
Pages 144
500 ## - GENERAL NOTE
General note Include Index
650 ## - SUBJECT ADDED ENTRY--TOPICAL TERM
Subject / Department management
700 ## - ADDED ENTRY--PERSONAL NAME
Personal name Riki Takeuchi
952 ## - LOCATION AND ITEM INFORMATION (KOHA)
-- 0
-- 0
Holdings
Lost status Damaged status Collection code Permanent Location Current Location Shelving Location Date acquired Full Call Number Accession No./Barcode Date last seen item type Koha item type
    Management Superior Information Resource Center (SIRC) Superior University- Central Library Superior Information Resource Center (SIRC) Superior University- Central Library Management 11/03/2023 658.3 TAK-H 2003 20941 11/03/2023 BOOK BOOK

Powered by Koha